Estrategia participativa para estudiantes de la Carrera de Estudios Socioculturales = Strategy for participation of the studen of Sociocultural Studies Carrier /
Αποθηκεύτηκε σε:
| Κύριος συγγραφέας: | |
|---|---|
| Μορφή: | Κείμενο |
| Ετικέτες: |
Προσθήκη ετικέτας
Δεν υπάρχουν, Καταχωρήστε ετικέτα πρώτοι!
|
MARC
| LEADER | 00000 a a2200000 04500 | ||
|---|---|---|---|
| 001 | 47076 | ||
| 003 | |||
| 040 | |||
| 090 | |a REV0862 143(I)2014 | ||
| 100 | |a Báez Padrón, Gretel | ||
| 245 | |a Estrategia participativa para estudiantes de la Carrera de Estudios Socioculturales = |b Strategy for participation of the studen of Sociocultural Studies Carrier / |c Gretel Báez Padrón | ||
| 773 | |g volumen143, número1, (2014), páginas75-87 | ||
| 999 | |c 24917 |d 24917 | ||
| 773 | 0 | |0 18728 |9 3010 |a Universidad de Costa Rica |d San José, Costa Rica Editorial UCR 1956- |o 16462 |t Revista de Ciencias Sociales/ |x 04825276 | |
